| 000 | 00362 a2200157 4500 | ||
|---|---|---|---|
| 001 | 46812 | ||
| 020 | _a9788506079225 | ||
| 040 | _cAnchieta - Aquarius | ||
| 100 | _aZiraldo | ||
| 240 | 1 | 0 |
_aA letra N e o nascimento da noite _lpor |
| 245 | 1 | 0 | _aA letra N e o nascimento da noite |
| 300 | _a | ||
| 362 | 0 | _a2015 | |
| 650 | 4 | _aLiteratura infantil | |
| 942 | _cBK | ||
| 999 |
_c46812 _d46812 |
||